| 000 | 00768cam a22002657a 4500 | ||
|---|---|---|---|
| 001 | 14882940 | ||
| 005 | 20180212043406.0 | ||
| 008 | 070607s2007 moua b 001 0 eng d | ||
| 010 | _a 2007276643 | ||
| 020 | _a1416034927 (softcover) | ||
| 020 | _a9781416034926 (softcover) | ||
| 035 | _a(OCoLC)ocm85855072 | ||
| 040 |
_aNSB _cNSB _dNSB _dYDXCP _dBAKER _dCUX _dDLC |
||
| 041 | _aeng | ||
| 042 | _alccopycat | ||
| 080 | _a61 cha | ||
| 082 | _261 cha | ||
| 100 | 1 | _a3 | |
| 101 | _ashm | ||
| 245 | 1 | 4 |
_aThe language of medicine / _cDavi-Ellen Chabner. |
| 504 | _aIncludes bibliographical references and index. | ||
| 906 |
_a7 _bcbc _ccopycat _d2 _encip _f20 _gy-gencatlg |
||
| 942 |
_2ddc _cBK |
||
| 999 |
_c42317 _d42317 |
||